| 000 | 00668nam a22001817a 4500 | ||
|---|---|---|---|
| 003 | BUBTL | ||
| 008 | 190406b xxu||||| |||| 00| 0 eng d | ||
| 020 | _a984-18-0095-x | ||
| 082 | _a891.443 / TAS | ||
| 100 |
_92429 _aঠাকুর, রবীন্দ্রনাথ |
||
| 245 |
_aশ্রেষ্ঠ ছোটগল্প / _cরবীনদ্রনাথ ঠাকুর |
||
| 260 |
_aঢাকা : _bবিশ্ব সাহিত্য কেন্দ্র, _cc1993 |
||
| 300 |
_a254 p. : _c22 cm. |
||
| 650 | 0 |
_91687 _aবাংলা সাহিত্য |
|
| 856 |
_k0 _l0 _yDownload |
||
| 942 |
_2ddc _cBK |
||
| 999 |
_c5958 _d5958 |
||